000 00192nam a2200085 4500
001 1255650
005 20251211085405.0
245 _aAYVAYI YEDİK MÜZESİ
_cMERT ARIK
260 _bTİMAŞ YAYINLARI
999 _c1255650
_d1255650